CYBER LAW IN KENYA (Record no. 216941)

MARC details
000 -LEADER
fixed length control field 00470nam a22001817a 4500
008 - FIXED-LENGTH DATA ELEMENTS--GENERAL INFORMATION
fixed length control field 260414b |||||||| |||| 00| 0 eng d
020 ## - INTERNATIONAL STANDARD BOOK NUMBER
International Standard Book Number 9789403512419
050 ## - LIBRARY OF CONGRESS CALL NUMBER
Classification number KSK 80.C65R882019
Item number C.1
100 ## - MAIN ENTRY--PERSONAL NAME
Personal name RUTENBERG,ISAAC
245 ## - TITLE STATEMENT
Title CYBER LAW IN KENYA
250 ## - EDITION STATEMENT
Edition statement 2ND EDITION
260 ## - PUBLICATION, DISTRIBUTION, ETC.
Place of publication, distribution, etc. NETHERLAND
Name of publisher, distributor, etc. KLUWER LAW INTERNATIONAL
Date of publication, distribution, etc. 2019
300 ## - PHYSICAL DESCRIPTION
Extent 369p
500 ## - GENERAL NOTE
General note INCLUDES INDEX
700 ## - ADDED ENTRY--PERSONAL NAME
Personal name RUTENBERG,ISAAC
942 ## - ADDED ENTRY ELEMENTS (KOHA)
Source of classification or shelving scheme Library of Congress Classification
Koha item type Long Loan Book
Holdings
Withdrawn status Lost status Source of classification or shelving scheme Damaged status Not for loan Collection Home library Current library Shelving location Date acquired Inventory number Total checkouts Full call number Barcode Date last seen Copy number Price effective from Koha item type
    Library of Congress Classification     Law Kisii University Library Kisii University Library On Display 04/14/2026 112136   KSK 80.C65 R88 2019 A001460 04/14/2026 C.1 04/14/2026 Long Loan Book
    Library of Congress Classification     Law Kisii University Library Kisii University Library On Display 04/14/2026 112137   KSK 80.C65 R88 2019 A001462 04/14/2026 C.2 04/14/2026 Long Loan Book
    Library of Congress Classification     Law Kisii University Library Kisii University Library On Display 04/14/2026 112138   KSK 80.C65 R88 2019 A001464 04/14/2026 C.3 04/14/2026 Long Loan Book